Gefügentersuchung von Heizelementschweissnähten = Výskum štruktúry zvarových spojov zhotovených pomocou ohrievacieho elementu /

Gespeichert in:
Bibliographische Detailangaben
Hauptverfasser: Ehrenstein, Gottfried W. (Verfasst von), Egon, Uwe (Verfasst von)
Weitere Verfasser: Holásek, Ján (Übersetzung)
Format: Buch
Sprache:Mehrsprachig
Veröffentlicht: Bratislava : SlTK-Centrum VTI SR, 1993
Schlagworte:
Tags: Tag hinzufügen
Keine Tags, Fügen Sie das erste Tag hinzu!

MARC

LEADER 00000nam a22000003a 4500
001 stu40932
005 20150617225723.3
008 930603s1993----cs------------------mul-d
040 |a STU  |b slo 
041 0 |a mul 
044 |a cs 
080 |a 621.791 
100 1 |a Ehrenstein, Gottfried W.  |4 aut 
245 1 |a Gefügentersuchung von Heizelementschweissnähten = Výskum štruktúry zvarových spojov zhotovených pomocou ohrievacieho elementu /  |c [aut.]Uwe Egon, G.W. Ehrenstein; Z nem. Ján Holásek 
260 |a Bratislava :  |b SlTK-Centrum VTI SR,  |c 1993 
300 |a 13 s 
500 |a In: Plastverarbeiter 37,1988,č.11,61 s. 
650 7 |a zváranie  |2 stusub 
650 7 |a preklady  |2 stusub 
650 7 |a spoje zvarové  |2 stusub 
700 1 |a Holásek, Ján  |4 trl 
700 1 |a Egon, Uwe  |4 aut 
996 |b MP 116  |c M*P-116  |l MMKN  |s A  |a 24  |w stu40932_0001